000 00498nam a22001457a 4500
082 _aBESE-1 UZM
100 _aUzma Mir
_992613
245 _aGeneric security services for light weight VOIP clients
260 _aIslamabad
_bNUST-SEECS
_c2014
300 _a57
_b25cm
_eCD ROM
500 _aSupervisors: Dr. Abdul Ghafoor, Mr. Muhammad Qaisar Chaudhary
700 _aHijab Nazir, Muhammad Tahaa Suhail Maniar
_992614
856 _uhttp://10.250.8.41:8080/xmlui/handle/123456789/8378
942 _cPR
_2ddc
999 _c13057
_d13057